Aplicación de las normas de la Resolución Técnica Nº 22 a la actividad ganadera (Registro nro. 11850)
[ vista simple ]
| 000 -LEADER | |
|---|---|
| fixed length control field | 00354 a2200109 4500 |
| 001 - CONTROL NUMBER | |
| control field | ART_10939 |
| 005 - DATE AND TIME OF LATEST TRANSACTION | |
| control field | 20260410161624.0 |
| 008 - FIXED-LENGTH DATA ELEMENTS--GENERAL INFORMATION | |
| fixed length control field | 260409a |
| 100 1# - MAIN ENTRY--PERSONAL NAME | |
| Personal name | Torres, Carlos Federico |
| 245 10 - TITLE STATEMENT | |
| Title | Aplicación de las normas de la Resolución Técnica Nº 22 a la actividad ganadera |
| 773 0# - HOST ITEM ENTRY | |
| Title | Enfoques |
| Related parts | - Nº 10 (oct. 2012) |
| Record control number | REV416 |
No hay ítems disponibles.